[Event "MP do lat 18 - dziewczeta"]
[Site "Sypniewo"]
[Date "2022.03.21"]
[Round "3.11"]
[White "Pisarek, Elzbieta"]
[Black "Czerwinska, Oliwia"]
[Result "1-0"]
[BlackElo "1428"]
[WhiteElo "1704"]
[LiveChessVersion "1.4.8"]

1. e4 {[%clk 1:30:57]} e5 {[%clk 1:30:55]} 2. Nf3 {[%clk 1:31:22]} Nc6
{[%clk 1:31:19]} 3. Nc3 {[%clk 1:31:46]} Nf6 {[%clk 1:31:40]} 4. d4
{[%clk 1:32:06]} exd4 {[%clk 1:31:59]} 5. Nxd4 {[%clk 1:32:30]} Bb4
{[%clk 1:32:15]} 6. Nxc6 {[%clk 1:32:46]} bxc6 7. Bd3 {[%clk 1:32:59]} d5
{[%clk 1:32:43]} 8. Bd2 {[%clk 1:32:25]} O-O {[%clk 1:29:34]} 9. O-O
{[%clk 1:31:14]} Bxc3 {[%clk 1:29:20]} 10. Bxc3 {[%clk 1:31:03]} dxe4
{[%clk 1:29:33]} 11. Bxf6 {[%clk 1:30:39]} Qxf6 {[%clk 1:29:58]} 12. Bxe4
{[%clk 1:30:46]} Qxb2 {[%clk 1:30:02]} 13. Bxc6 {[%clk 1:30:34]} Rb8
{[%clk 1:30:27]} 14. Rb1 {[%clk 1:30:13]} Qxb1 {[%clk 1:30:37]} 15. Qxb1
{[%clk 1:30:37]} Rxb1 {[%clk 1:31:02]} 16. Rxb1 {[%clk 1:30:59]} Rd8
{[%clk 1:30:47]} 17. Bf3 {[%clk 1:28:45]} Re8 {[%clk 1:28:30]} 18. h4
{[%clk 1:28:13]} Kf8 {[%clk 1:28:39]} 19. Rb3 {[%clk 1:26:14]} Bf5
{[%clk 1:18:47]} 20. Rc3 {[%clk 1:23:30]} Re1+ {[%clk 1:17:19]} 21. Kh2
{[%clk 1:23:12]} Ra1 {[%clk 1:13:49]} 22. Bd5 {[%clk 1:18:15]} Be6
{[%clk 1:12:26]} 23. Bb3 {[%clk 1:17:18]} a5 {[%clk 1:04:37]} 24. Rxc7
{[%clk 1:08:46]} a4 {[%clk 1:01:57]} 25. Bxa4 {[%clk 1:04:45]} Rxa2
{[%clk 1:02:18]} 26. Bb5 {[%clk 1:00:54]} Rb2 {[%clk 0:53:11]} 27. Bd3
{[%clk 0:55:24]} Rb4 {[%clk 0:49:54]} 28. c4 {[%clk 0:31:34]} Rb3
{[%clk 0:47:03]} 29. Be4 {[%clk 0:24:33]} Rc3 {[%clk 0:45:38]} 30. c5
{[%clk 0:22:52]} Rc4 {[%clk 0:45:25]} 31. f3 {[%clk 0:22:56]} f5 {[%clk 0:43:39]}
32. Bd3 {[%clk 0:20:12]} Rxh4+ {[%clk 0:43:51]} 33. Kg3 {[%clk 0:20:31]} Rd4
{[%clk 0:43:43]} 34. Bb5 {[%clk 0:19:29]} Rb4 {[%clk 0:40:51]} 35. Ba6
{[%clk 0:16:11]} Ra4 {[%clk 0:37:45]} 36. Bb7 {[%clk 0:14:09]} h6
{[%clk 0:34:24]} 37. Kf2 {[%clk 0:07:16]} f4 {[%clk 0:28:40]} 38. Be4
{[%clk 0:06:45]} Ra2+ {[%clk 0:28:14]} 39. Kg1 {[%clk 0:06:30]} Ra1+
{[%clk 0:27:30]} 40. Kh2 {[%clk 0:35:27]} Rd1 {[%clk 0:55:53]} 41. c6
{[%clk 0:32:18]} Rd8 {[%clk 0:50:46]} 42. Ra7 {[%clk 0:30:18]} Rc8
{[%clk 0:49:45]} 43. Kg1 {[%clk 0:29:46]} Bc4 {[%clk 0:49:08]} 44. Rb7
{[%clk 0:23:56]} Ba6 {[%clk 0:48:12]} 45. Rb6 {[%clk 0:20:35]} Bc4
{[%clk 0:48:24]} 46. Kf2 {[%clk 0:19:06]} g5 {[%clk 0:41:44]} 47. Rb7
{[%clk 0:18:46]} h5 {[%clk 0:41:19]} 48. Rh7 {[%clk 0:18:30]} Ba6
{[%clk 0:26:17]} 49. Rxh5 {[%clk 0:18:28]} Ke7 {[%clk 0:26:10]} 50. Rxg5
{[%clk 0:18:30]} Rf8 {[%clk 0:26:14]} 51. Rg7+ {[%clk 0:17:19]} Kd6
{[%clk 0:25:58]} 52. Rd7+ {[%clk 0:16:59]} Ke6 {[%clk 0:26:02]} 53. Bd5+
{[%clk 0:16:24]} Ke5 {[%clk 0:26:26]} 54. c7 {[%clk 0:13:56]} Rc8
{[%clk 0:26:18]} 55. Bb3 {[%clk 0:13:10]} Bb7 {[%clk 0:25:54]} 56. Ke2
{[%clk 0:11:35]} Bc6 {[%clk 0:26:10]} 57. Rf7 {[%clk 0:11:21]} Be8
{[%clk 0:25:44]} 58. Re7+ {[%clk 0:09:32]} Kd6 {[%clk 0:23:44]} 59. Re4
{[%clk 0:08:48]} Rxc7 {[%clk 0:23:56]} 60. Rxe8 {[%clk 0:08:19]} Rc3
{[%clk 0:23:21]} 61. Bf7 {[%clk 0:07:36]} Rc2+ {[%clk 0:23:36]} 62. Kf1
{[%clk 0:07:48]} Rc1+ {[%clk 0:24:00]} 63. Re1 {[%clk 0:07:51]} Rc2
{[%clk 0:24:20]} 64. Re2 {[%clk 0:08:15]} Rc3 {[%clk 0:24:36]} 65. Kf2
{[%clk 0:08:39]} Rc7 {[%clk 0:25:00]} 66. Bh5 {[%clk 0:08:45]} Rg7
{[%clk 0:25:19]} 67. Bg4 {[%clk 0:09:06]} Rf7 {[%clk 0:25:37]} 68. Re4
{[%clk 0:08:57]} Rf6 {[%clk 0:25:51]} 69. Ke2 {[%clk 0:09:08]} 1-0

[Event "MP do lat 18 - dziewczeta"]
[Site "Sypniewo"]
[Date "2022.03.21"]
[Round "3.12"]
[White "Bychowska, Marta"]
[Black "Krzyzosiak, Marta"]
[Result "0-1"]
[BlackElo "1698"]
[WhiteElo "1374"]
[LiveChessVersion "1.4.8"]

1. e4 {[%clk 1:30:57]} c5 {[%clk 1:30:52]} 2. Nf3 {[%clk 1:31:21]} d6
{[%clk 1:31:15]} 3. d4 {[%clk 1:31:47]} cxd4 {[%clk 1:31:37]} 4. Nxd4
{[%clk 1:32:11]} Nf6 {[%clk 1:31:58]} 5. Nc3 {[%clk 1:32:32]} a6 {[%clk 1:32:21]}
6. Bg5 {[%clk 1:32:54]} e6 {[%clk 1:32:38]} 7. f4 {[%clk 1:33:19]} h6
{[%clk 1:32:59]} 8. Bh4 {[%clk 1:32:31]} Qb6 {[%clk 1:32:49]} 9. Nb3
{[%clk 1:31:44]} Qe3+ {[%clk 1:22:29]} 10. Qe2 {[%clk 1:21:57]} Qxf4
{[%clk 1:13:46]} 11. Bg3 {[%clk 1:21:57]} Qg5 {[%clk 1:13:45]} 12. Qd3
{[%clk 1:19:32]} e5 {[%clk 1:09:17]} 13. Be2 {[%clk 1:12:08]} h5 {[%clk 1:01:06]}
14. h4 {[%clk 1:10:38]} Qg6 {[%clk 1:01:09]} 15. O-O-O {[%clk 1:04:57]} Be7
{[%clk 0:58:39]} 16. Na5 {[%clk 0:54:57]} O-O {[%clk 0:55:00]} 17. Nc4
{[%clk 0:54:04]} Nbd7 {[%clk 0:37:32]} 18. Bf2 {[%clk 0:31:08]} b5
{[%clk 0:13:46]} 19. Nxd6 {[%clk 0:17:02]} Bxd6 {[%clk 0:11:39]} 20. Qxd6
{[%clk 0:17:24]} Bb7 {[%clk 0:11:16]} 21. Nd5 {[%clk 0:06:50]} Nxd5
{[%clk 0:09:34]} 22. Qxg6 {[%clk 0:07:00]} fxg6 {[%clk 0:09:52]} 23. exd5
{[%clk 0:03:46]} Rxf2 {[%clk 0:09:53]} 24. Bf3 {[%clk 0:03:56]} Nf6
{[%clk 0:09:57]} 25. Rhe1 {[%clk 0:03:31]} Re8 {[%clk 0:07:49]} 26. d6
{[%clk 0:02:34]} Bxf3 {[%clk 0:07:17]} 27. gxf3 {[%clk 0:02:45]} Rxf3
{[%clk 0:07:21]} 28. d7 {[%clk 0:02:30]} Rd8 {[%clk 0:07:40]} 29. Rxe5
{[%clk 0:01:56]} Rxd7 {[%clk 0:07:43]} 30. Rg1 {[%clk 0:01:39]} Rf2
{[%clk 0:07:46]} 31. Rd1 {[%clk 0:01:15]} Rxd1+ {[%clk 0:07:18]} 32. Kxd1
{[%clk 0:01:41]} Nd7 {[%clk 0:07:27]} 33. Re6 {[%clk 0:01:55]} Rf6
{[%clk 0:07:50]} 34. Re4 {[%clk 0:02:08]} Nc5 {[%clk 0:07:58]} 35. Re5
{[%clk 0:02:23]} Rd6+ {[%clk 0:08:00]} 36. Kc1 {[%clk 0:02:32]} Nd7
{[%clk 0:07:29]} 37. Rg5 {[%clk 0:02:43]} Kh7 {[%clk 0:07:45]} 38. b3
{[%clk 0:02:51]} Rd4 {[%clk 0:07:32]} 39. a3 {[%clk 0:02:49]} Rxh4
{[%clk 0:07:43]} 40. Rd5 {[%clk 0:33:09]} Nf6 {[%clk 0:37:52]} 41. Rd6
{[%clk 0:33:31]} a5 {[%clk 0:38:12]} 42. Rb6 {[%clk 0:33:37]} b4 {[%clk 0:38:32]}
43. a4 {[%clk 0:33:52]} Rd4 {[%clk 0:38:48]} 44. Kb2 {[%clk 0:34:09]} Ne4
{[%clk 0:37:45]} 45. Rb5 {[%clk 0:34:19]} Nc3 {[%clk 0:38:05]} 46. Rxa5
{[%clk 0:34:38]} Rd1 {[%clk 0:38:29]} 0-1

[Event "MP do lat 18 - dziewczeta"]
[Site "Sypniewo"]
[Date "2022.03.21"]
[Round "3.13"]
[White "Reszka, Zofia"]
[Black "Kieca, Aleksandra"]
[Result "1-0"]
[BlackElo "1696"]
[WhiteElo "1328"]
[LiveChessVersion "1.4.8"]

1. e4 {[%clk 1:30:56]} c5 {[%clk 1:30:54]} 2. Nf3 {[%clk 1:31:16]} e6
{[%clk 1:31:16]} 3. d4 {[%clk 1:31:35]} cxd4 {[%clk 1:31:38]} 4. Nxd4
{[%clk 1:31:54]} a6 {[%clk 1:32:03]} 5. Bd3 {[%clk 1:31:58]} g6 {[%clk 1:32:00]}
6. b3 {[%clk 1:27:59]} Bg7 {[%clk 1:29:36]} 7. Bb2 {[%clk 1:26:49]} Qb6
{[%clk 1:28:17]} 8. c3 {[%clk 1:25:50]} Ne7 {[%clk 1:26:41]} 9. O-O
{[%clk 1:24:37]} O-O {[%clk 1:26:47]} 10. Qe2 {[%clk 1:22:55]} d6
{[%clk 1:07:17]} 11. Nd2 {[%clk 1:20:56]} Nd7 {[%clk 0:57:56]} 12. Kh1
{[%clk 1:16:37]} Nc5 {[%clk 0:55:21]} 13. Bc2 {[%clk 1:14:53]} Qc7
{[%clk 0:53:20]} 14. a4 {[%clk 1:11:40]} b6 {[%clk 0:49:02]} 15. f4
{[%clk 1:09:08]} d5 {[%clk 0:42:05]} 16. e5 {[%clk 1:06:35]} Nb7 {[%clk 0:24:44]}
17. c4 {[%clk 0:56:28]} Na5 {[%clk 0:17:08]} 18. Rf3 {[%clk 0:52:47]} dxc4
{[%clk 0:14:40]} 19. Nxc4 {[%clk 0:51:54]} Bb7 {[%clk 0:12:21]} 20. Be4
{[%clk 0:41:21]} Bxe4 {[%clk 0:09:13]} 21. Qxe4 {[%clk 0:41:14]} Nxc4
{[%clk 0:09:26]} 22. Rc1 {[%clk 0:40:11]} Qd7 {[%clk 0:08:03]} 23. Rxc4
{[%clk 0:39:26]} Rfd8 {[%clk 0:07:21]} 24. h3 {[%clk 0:36:53]} Nd5
{[%clk 0:06:22]} 25. Nc6 {[%clk 0:33:13]} Rdc8 {[%clk 0:06:27]} 26. Nb4
{[%clk 0:32:59]} Nxb4 {[%clk 0:03:27]} 27. Rxb4 {[%clk 0:33:05]} Qd1+
{[%clk 0:02:10]} 28. Kh2 {[%clk 0:33:23]} Rab8 {[%clk 0:02:13]} 29. Bd4
{[%clk 0:30:24]} b5 {[%clk 0:01:53]} 30. axb5 {[%clk 0:30:18]} axb5
{[%clk 0:01:56]} 31. Ba7 {[%clk 0:29:28]} Ra8 {[%clk 0:02:11]} 32. Bb6
{[%clk 0:29:08]} Rab8 {[%clk 0:01:44]} 33. Rxb5 {[%clk 0:27:47]} Qd7
{[%clk 0:02:01]} 34. Qd3 {[%clk 0:27:00]} Qc6 {[%clk 0:02:18]} 35. Qc4
{[%clk 0:26:01]} Qb7 {[%clk 0:01:58]} 36. Rc5 {[%clk 0:24:24]} Re8
{[%clk 0:01:26]} 37. Bc7 {[%clk 0:23:36]} Ra8 {[%clk 0:00:56]} 38. Rb5
{[%clk 0:18:37]} Qc8 {[%clk 0:00:42]} 39. Rd3 {[%clk 0:17:33]} Bf8
{[%clk 0:00:45]} 40. Bd6 {[%clk 0:47:14]} Qa6 {[%clk 0:30:43]} 41. Bxf8
{[%clk 0:46:49]} Rxf8 {[%clk 0:31:06]} 42. Rd7 {[%clk 0:44:19]} Qa2
{[%clk 0:28:45]} 43. Rbb7 {[%clk 0:41:58]} Qf2 {[%clk 0:28:35]} 44. Qd4
{[%clk 0:40:47]} Qe2 {[%clk 0:27:56]} 45. Qd2 {[%clk 0:39:49]} Qe4
{[%clk 0:27:50]} 46. Rb4 {[%clk 0:38:44]} Qb1 {[%clk 0:27:19]} 47. Qd1
{[%clk 0:37:03]} Qb2 {[%clk 0:26:52]} 48. Qd4 {[%clk 0:34:34]} Qb1
{[%clk 0:25:19]} 49. Qd3 {[%clk 0:32:41]} Qb2 {[%clk 0:24:08]} 50. Rbd4
{[%clk 0:31:51]} Ra2 {[%clk 0:21:12]} 51. Qf3 {[%clk 0:30:36]} Ra3
{[%clk 0:11:59]} 52. Rd3 {[%clk 0:27:52]} Raa8 {[%clk 0:07:25]} 53. Qg3
{[%clk 0:26:17]} h5 {[%clk 0:01:12]} 54. Qg5 {[%clk 0:23:45]} Qf2
{[%clk 0:00:42]} 55. Rd8 {[%clk 0:21:19]} Raxd8 {[%clk 0:00:42]} 56. Rxd8
{[%clk 0:21:29]} Rxd8 {[%clk 0:00:38]} 57. Qxd8+ {[%clk 0:21:52]} Kh7
{[%clk 0:00:38]} 58. Qg5 {[%clk 0:20:17]} Qe3 {[%clk 0:00:41]} 59. Qg3
{[%clk 0:20:12]} Qc5 {[%clk 0:00:57]} 60. Qd3 {[%clk 0:19:40]} h4
{[%clk 0:01:15]} 61. Qf3 {[%clk 0:17:46]} Qb4 {[%clk 0:01:31]} 62. Qe3
{[%clk 0:16:38]} Kg7 {[%clk 0:01:18]} 63. Qf2 {[%clk 0:12:32]} Qxb3
{[%clk 0:01:29]} 64. Qxh4 {[%clk 0:12:50]} Qd3 {[%clk 0:01:15]} 65. Qf6+
{[%clk 0:12:19]} Kg8 {[%clk 0:01:12]} 66. h4 {[%clk 0:11:56]} Qd1
{[%clk 0:01:04]} 67. Qg5 {[%clk 0:11:07]} Kh7 {[%clk 0:00:49]} 68. Kh3
{[%clk 0:08:41]} Qd3+ {[%clk 0:01:05]} 69. Qg3 {[%clk 0:08:24]} Qf5+
{[%clk 0:00:45]} 70. Qg4 {[%clk 0:08:12]} Qd3+ {[%clk 0:00:42]} 71. Kh2
{[%clk 0:08:28]} Qe4 {[%clk 0:00:33]} 72. h5 {[%clk 0:07:25]} Qd5
{[%clk 0:00:32]} 73. hxg6+ {[%clk 0:07:15]} fxg6 {[%clk 0:01:00]} 74. Qh4+
{[%clk 0:07:09]} Kg8 {[%clk 0:00:57]} 75. Qf6 {[%clk 0:05:38]} Kh7
{[%clk 0:00:59]} 76. Kh3 {[%clk 0:03:31]} Qd3+ {[%clk 0:00:40]} 77. Kh4
{[%clk 0:03:04]} Qd2 {[%clk 0:00:42]} 78. Qf7+ {[%clk 0:02:29]} Kh6
{[%clk 0:00:59]} 79. Qf8+ {[%clk 0:02:43]} Kh7 {[%clk 0:01:25]} 80. Kg5
{[%clk 0:02:11]} Qf2 {[%clk 0:00:56]} 81. Qh6+ {[%clk 0:02:14]} Kg8
{[%clk 0:01:20]} 82. Qxg6+ {[%clk 0:02:40]} Kh8 {[%clk 0:01:39]} 83. Qf6+
{[%clk 0:02:58]} Kh7 {[%clk 0:01:47]} 84. g4 {[%clk 0:02:45]} Qa2
{[%clk 0:00:38]} 85. Qf7+ {[%clk 0:02:59]} Kh8 {[%clk 0:01:03]} 86. Kf6
{[%clk 0:03:12]} 1-0

[Event "MP do lat 18 - dziewczeta"]
[Site "Sypniewo"]
[Date "2022.03.21"]
[Round "3.14"]
[White "Nowak, Roksana"]
[Black "Matusik, Zuzanna"]
[Result "1-0"]
[BlackElo "1286"]
[WhiteElo "1669"]
[LiveChessVersion "1.4.8"]

1. e4 {[%clk 1:30:57]} e5 {[%clk 1:30:55]} 2. Nf3 {[%clk 1:31:23]} Nc6
{[%clk 1:31:18]} 3. Bb5 {[%clk 1:31:40]} Bc5 {[%clk 1:31:40]} 4. O-O
{[%clk 1:29:48]} Nd4 {[%clk 1:32:06]} 5. Nxd4 {[%clk 1:29:14]} Bxd4
{[%clk 1:32:29]} 6. c3 {[%clk 1:29:39]} Bb6 {[%clk 1:32:53]} 7. d4
{[%clk 1:28:38]} c6 {[%clk 1:32:50]} 8. Bc4 {[%clk 1:28:22]} d6 {[%clk 1:32:18]}
9. Kh1 {[%clk 1:23:47]} Ne7 {[%clk 1:22:55]} 10. f4 {[%clk 1:19:54]} exd4
{[%clk 1:21:50]} 11. cxd4 {[%clk 1:20:16]} d5 {[%clk 1:22:01]} 12. exd5
{[%clk 1:18:14]} cxd5 {[%clk 1:22:23]} 13. Bd3 {[%clk 1:07:50]} Bf5
{[%clk 1:16:46]} 14. Bxf5 {[%clk 1:05:59]} Nxf5 {[%clk 1:17:09]} 15. Re1+
{[%clk 1:06:23]} Ne7 {[%clk 1:16:56]} 16. f5 {[%clk 1:01:07]} O-O
{[%clk 1:15:48]} 17. f6 {[%clk 0:59:50]} Ng6 {[%clk 1:15:09]} 18. fxg7
{[%clk 0:58:59]} Kxg7 {[%clk 1:15:33]} 19. Qh5 {[%clk 0:58:11]} Kg8
{[%clk 1:15:17]} 20. Bg5 {[%clk 0:56:38]} Qd6 {[%clk 1:12:37]} 21. Rd1
{[%clk 0:38:18]} Rfe8 {[%clk 1:06:11]} 22. Nc3 {[%clk 0:38:14]} Re6
{[%clk 1:04:43]} 23. Qf3 {[%clk 0:37:28]} Bc7 {[%clk 1:03:18]} 24. g3
{[%clk 0:36:48]} Bd8 {[%clk 1:00:26]} 25. Bf4 {[%clk 0:30:40]} Nxf4
{[%clk 0:50:03]} 26. gxf4 {[%clk 0:28:59]} Rc8 {[%clk 0:45:21]} 27. Rg1+
{[%clk 0:28:07]} Kh8 {[%clk 0:44:20]} 28. Qg4 {[%clk 0:28:22]} Bf6
{[%clk 0:42:25]} 29. Rad1 {[%clk 0:19:20]} Ree8 {[%clk 0:37:49]} 30. Qf5
{[%clk 0:17:20]} Rcd8 {[%clk 0:36:13]} 31. Rd3 {[%clk 0:13:07]} Qe6
{[%clk 0:32:11]} 32. Qh5 {[%clk 0:11:59]} Rg8 {[%clk 0:30:37]} 33. Rxg8+
{[%clk 0:09:07]} Rxg8 {[%clk 0:30:57]} 34. Qe2 {[%clk 0:09:28]} Qf5
{[%clk 0:24:41]} 35. Qf3 {[%clk 0:07:35]} Qg6 {[%clk 0:23:15]} 36. Qg3
{[%clk 0:04:21]} Qh5 {[%clk 0:17:14]} 37. Qf2 {[%clk 0:02:59]} Bh4
{[%clk 0:13:42]} 38. Qe2 {[%clk 0:02:16]} Qg6 {[%clk 0:10:35]} 39. Rd1
{[%clk 0:02:05]} Qe6 {[%clk 0:02:16]} 40. Qh5 {[%clk 0:31:08]} Bf6
{[%clk 0:31:09]} 41. Qxd5 {[%clk 0:28:26]} Qe3 {[%clk 0:27:29]} 42. Qe4
{[%clk 0:27:37]} Qf2 {[%clk 0:27:22]} 43. Ne2 {[%clk 0:24:11]} b6
{[%clk 0:22:42]} 44. b3 {[%clk 0:21:53]} Be7 {[%clk 0:18:11]} 45. Ng3
{[%clk 0:19:46]} Bd6 {[%clk 0:16:34]} 46. Rf1 {[%clk 0:15:56]} Qd2
{[%clk 0:12:39]} 47. Nh5 {[%clk 0:09:57]} f5 {[%clk 0:07:40]} 48. Qd5
{[%clk 0:08:49]} Qe2 {[%clk 0:07:25]} 49. Qf3 {[%clk 0:08:57]} Qxa2
{[%clk 0:05:55]} 50. Qh3 {[%clk 0:02:24]} Rg6 {[%clk 0:03:42]} 51. Re1
{[%clk 0:02:13]} Qf2 {[%clk 0:03:45]} 52. Re8+ {[%clk 0:02:05]} Rg8
{[%clk 0:03:48]} 53. Nf6 {[%clk 0:02:04]} Rxe8 {[%clk 0:01:25]} 54. Qxh7#
{[%clk 0:02:29]} 1-0

[Event "MP do lat 18 - dziewczeta"]
[Site "Sypniewo"]
[Date "2022.03.21"]
[Round "3.15"]
[White "Pawlak, Emilia"]
[Black "Zarebska, Lena"]
[Result "0-1"]
[BlackElo "1809"]
[WhiteElo "1402"]
[LiveChessVersion "1.4.8"]

1. c4 {[%clk 1:30:57]} e6 {[%clk 1:28:40]} 2. Nc3 {[%clk 1:30:44]} Nf6
{[%clk 1:28:39]} 3. e3 {[%clk 1:30:08]} Bb4 {[%clk 1:28:27]} 4. Nf3
{[%clk 1:25:25]} O-O {[%clk 1:28:31]} 5. Be2 {[%clk 1:25:23]} b6 {[%clk 1:27:24]}
6. O-O {[%clk 1:25:17]} Bb7 {[%clk 1:27:26]} 7. Qc2 {[%clk 1:20:54]} d5
{[%clk 1:23:32]} 8. cxd5 {[%clk 1:16:12]} exd5 {[%clk 1:23:26]} 9. b3
{[%clk 1:14:46]} a6 {[%clk 1:18:32]} 10. Bb2 {[%clk 1:10:53]} Re8
{[%clk 1:16:59]} 11. Rac1 {[%clk 1:09:12]} Bd6 {[%clk 1:13:43]} 12. Bd3
{[%clk 0:55:57]} Nbd7 {[%clk 1:02:55]} 13. Ne2 {[%clk 0:44:05]} Ne4
{[%clk 0:58:42]} 14. Ned4 {[%clk 0:40:36]} c5 {[%clk 0:56:15]} 15. Nf5
{[%clk 0:36:10]} Bf8 {[%clk 0:56:25]} 16. Bxe4 {[%clk 0:32:40]} dxe4
{[%clk 0:56:42]} 17. Qc3 {[%clk 0:29:21]} Nf6 {[%clk 0:35:50]} 18. Ne5
{[%clk 0:21:45]} Nd5 {[%clk 0:26:50]} 19. Qc4 {[%clk 0:17:02]} f6
{[%clk 0:21:45]} 20. Ng4 {[%clk 0:14:16]} h5 {[%clk 0:18:44]} 21. Nxf6+
{[%clk 0:09:38]} gxf6 {[%clk 0:19:03]} 22. Qe2 {[%clk 0:08:42]} Qd7
{[%clk 0:17:06]} 23. Qxh5 {[%clk 0:08:02]} Qh7 {[%clk 0:16:07]} 24. Qg4+
{[%clk 0:07:19]} Kf7 {[%clk 0:14:07]} 25. f3 {[%clk 0:06:24]} Qg6
{[%clk 0:10:18]} 26. Nd6+ {[%clk 0:03:32]} Bxd6 {[%clk 0:10:22]} 27. Qd7+
{[%clk 0:03:58]} Re7 {[%clk 0:08:46]} 28. Qxd6 {[%clk 0:04:22]} Rg8
{[%clk 0:07:12]} 29. g3 {[%clk 0:03:40]} f5 {[%clk 0:05:57]} 30. Qxg6+
{[%clk 0:03:18]} Kxg6 {[%clk 0:06:16]} 31. fxe4 {[%clk 0:03:01]} fxe4
{[%clk 0:06:18]} 32. Rf2 {[%clk 0:03:17]} Bc8 {[%clk 0:05:02]} 33. h4
{[%clk 0:02:49]} Bg4 {[%clk 0:04:29]} 34. b4 {[%clk 0:02:21]} Rc7
{[%clk 0:02:28]} 35. Rc4 {[%clk 0:01:45]} Bf3 {[%clk 0:02:13]} 36. bxc5
{[%clk 0:01:17]} bxc5 {[%clk 0:01:55]} 37. Rf1 {[%clk 0:01:39]} Nb4
{[%clk 0:01:35]} 38. a3 {[%clk 0:01:14]} Nd3 {[%clk 0:01:54]} 39. Bc3
{[%clk 0:01:23]} Rc6 {[%clk 0:01:30]} 40. Rb1 {[%clk 0:31:30]} Kf5
{[%clk 0:31:20]} 41. Kh2 {[%clk 0:30:53]} Rcg6 {[%clk 0:29:43]} 0-1

[Event "MP do lat 18 - dziewczeta"]
[Site "Sypniewo"]
[Date "2022.03.21"]
[Round "3.16"]
[White "Lochina, Justyna"]
[Black "Jedrzejko, Martyna"]
[Result "1-0"]
[BlackElo "1517"]
[WhiteElo "1646"]
[LiveChessVersion "1.4.8"]

1. e4 {[%clk 1:30:58]} e6 {[%clk 1:30:51]} 2. d4 {[%clk 1:31:19]} d5
{[%clk 1:31:08]} 3. e5 {[%clk 1:31:24]} c5 {[%clk 1:31:27]} 4. c3
{[%clk 1:31:41]} Nc6 {[%clk 1:31:22]} 5. Nf3 {[%clk 1:31:31]} Qb6
{[%clk 1:31:29]} 6. Bd3 {[%clk 1:23:00]} cxd4 {[%clk 1:31:20]} 7. cxd4
{[%clk 1:23:10]} Bd7 {[%clk 1:31:43]} 8. Bc2 {[%clk 1:21:30]} Rc8
{[%clk 1:27:05]} 9. Nc3 {[%clk 1:19:29]} Nb4 {[%clk 1:25:36]} 10. Bb1
{[%clk 1:06:16]} Bb5 {[%clk 1:12:47]} 11. Nxb5 {[%clk 0:44:15]} Qxb5
{[%clk 1:13:13]} 12. a3 {[%clk 0:42:17]} Nc6 {[%clk 1:02:54]} 13. Bd3
{[%clk 0:38:29]} Qb6 {[%clk 1:02:49]} 14. O-O {[%clk 0:37:34]} Nge7
{[%clk 1:02:25]} 15. b4 {[%clk 0:31:03]} Ng6 {[%clk 1:00:26]} 16. Re1
{[%clk 0:27:48]} Be7 {[%clk 0:59:58]} 17. Bb2 {[%clk 0:26:27]} O-O
{[%clk 0:59:02]} 18. Rc1 {[%clk 0:23:12]} Na5 {[%clk 0:43:05]} 19. Qa4
{[%clk 0:16:31]} Nc6 {[%clk 0:38:23]} 20. Rc2 {[%clk 0:13:19]} Rc7
{[%clk 0:36:01]} 21. b5 {[%clk 0:10:00]} Na5 {[%clk 0:32:46]} 22. Rxc7
{[%clk 0:08:48]} Qxc7 {[%clk 0:33:14]} 23. Rc1 {[%clk 0:08:34]} Qb6
{[%clk 0:32:29]} 24. Bc3 {[%clk 0:07:28]} Bd8 {[%clk 0:30:42]} 25. Bb4
{[%clk 0:06:51]} Re8 {[%clk 0:31:00]} 26. Rc8 {[%clk 0:05:34]} Rf8
{[%clk 0:24:41]} 27. Bc5 {[%clk 0:04:00]} 1-0

[Event "MP do lat 18 - dziewczeta"]
[Site "Sypniewo"]
[Date "2022.03.21"]
[Round "3.17"]
[White "Zniszczol, Wiktoria"]
[Black "Mytnik, Kinga"]
[Result "1-0"]
[BlackElo "1438"]
[WhiteElo "1613"]
[LiveChessVersion "1.4.8"]

1. e4 {[%clk 1:30:57]} d6 {[%clk 1:30:49]} 2. Nc3 {[%clk 1:30:41]} Nf6
{[%clk 1:31:10]} 3. d4 {[%clk 1:30:51]} Nbd7 {[%clk 1:31:13]} 4. Nge2
{[%clk 1:31:08]} e5 {[%clk 1:31:15]} 5. h3 {[%clk 1:31:15]} g6 {[%clk 1:30:54]}
6. g4 {[%clk 1:31:18]} exd4 {[%clk 1:28:52]} 7. Qxd4 {[%clk 1:28:52]} Bg7
{[%clk 1:27:46]} 8. g5 {[%clk 1:13:49]} Nh5 {[%clk 1:26:28]} 9. Qe3
{[%clk 1:12:38]} O-O {[%clk 1:24:53]} 10. f4 {[%clk 1:08:59]} Re8 11. Bg2
{[%clk 1:00:58]} Nb6 {[%clk 1:12:13]} 12. Bf3 {[%clk 0:54:23]} d5
{[%clk 0:57:12]} 13. e5 {[%clk 0:50:08]} Nxf4 {[%clk 0:49:21]} 14. Qxf4
{[%clk 0:46:44]} Bxe5 {[%clk 0:48:53]} 15. Qh4 {[%clk 0:44:48]} Qd6
{[%clk 0:40:24]} 16. O-O {[%clk 0:44:42]} Nc4 {[%clk 0:26:38]} 17. Bxd5
{[%clk 0:41:31]} Qc5+ 18. Kg2 Bf5 {[%clk 0:18:27]} 19. Qxc4 {[%clk 0:38:28]} 1-0

[Event "MP do lat 18 - dziewczeta"]
[Site "Sypniewo"]
[Date "2022.03.21"]
[Round "3.18"]
[White "Kukula, Klara"]
[Black "Wojtas, Julia"]
[Result "1/2-1/2"]
[BlackElo "1560"]
[WhiteElo "1464"]
[LiveChessVersion "1.4.8"]

1. c4 e5 {[%clk 1:30:44]} 2. Nc3 {[%clk 1:31:15]} g6 {[%clk 1:28:22]} 3. g3
{[%clk 1:31:20]} Bg7 {[%clk 1:28:39]} 4. Bg2 {[%clk 1:31:44]} f5 {[%clk 1:28:30]}
5. e3 {[%clk 1:31:44]} Nf6 {[%clk 1:28:45]} 6. Nge2 {[%clk 1:27:54]} d6
{[%clk 1:28:58]} 7. d4 {[%clk 1:27:30]} e4 {[%clk 1:29:01]} 8. Nf4
{[%clk 1:08:57]} c6 {[%clk 1:27:03]} 9. d5 {[%clk 0:45:03]} O-O {[%clk 1:20:19]}
10. h4 {[%clk 0:36:25]} Na6 {[%clk 1:05:41]} 11. Rb1 {[%clk 0:31:07]} Ng4
{[%clk 1:02:29]} 12. f3 {[%clk 0:25:41]} exf3 {[%clk 0:52:09]} 13. Bxf3
{[%clk 0:25:59]} Qe8 {[%clk 0:47:39]} 14. Qd2 Ne5 {[%clk 0:39:42]} 15. Be2
{[%clk 0:20:16]} c5 {[%clk 0:26:17]} 16. b3 Ng4 {[%clk 0:24:32]} 17. O-O
{[%clk 0:08:45]} Nxe3 {[%clk 0:21:05]} 18. Re1 {[%clk 0:07:02]} Bd4
{[%clk 0:18:52]} 19. Kh2 {[%clk 0:06:31]} Qe5 {[%clk 0:12:52]} 20. Nb5
{[%clk 0:04:43]} Re8 {[%clk 0:11:14]} 21. Nxd4 {[%clk 0:01:59]} Ng4+
{[%clk 0:09:06]} 22. Kg1 {[%clk 0:02:20]} cxd4 {[%clk 0:08:21]} 23. Bb2
{[%clk 0:02:31]} Qe3+ {[%clk 0:07:54]} 24. Qxe3 {[%clk 0:02:54]} dxe3
{[%clk 0:06:36]} 25. Bxg4 {[%clk 0:02:52]} fxg4 {[%clk 0:06:50]} 26. Bd4
{[%clk 0:03:05]} Bf5 {[%clk 0:06:51]} 27. Rb2 {[%clk 0:01:12]} Nb4
{[%clk 0:04:52]} 28. Rxe3 {[%clk 0:01:20]} Rxe3 {[%clk 0:04:54]} 29. Bxe3
{[%clk 0:01:46]} Nc2 {[%clk 0:04:47]} 30. Bf2 {[%clk 0:00:59]} b6
{[%clk 0:03:29]} 31. Ne2 {[%clk 0:01:08]} Rf8 {[%clk 0:01:45]} 32. Nd4
{[%clk 0:01:17]} Nxd4 {[%clk 0:01:03]} 33. Bxd4 {[%clk 0:01:45]} Be4
{[%clk 0:00:38]} 1/2-1/2

[Event "MP do lat 18 - dziewczeta"]
[Site "Sypniewo"]
[Date "2022.03.21"]
[Round "3.19"]
[White "Szewczyk, Malwina"]
[Black "Krzyzosiak, Anna"]
[Result "0-1"]
[BlackElo "1489"]
[WhiteElo "1433"]
[LiveChessVersion "1.4.8"]

1. e4 {[%clk 1:30:57]} c5 {[%clk 1:30:52]} 2. d4 {[%clk 1:31:16]} cxd4
{[%clk 1:31:06]} 3. c3 {[%clk 1:31:40]} Nf6 {[%clk 1:31:23]} 4. e5
{[%clk 1:31:09]} Nd5 {[%clk 1:31:26]} 5. Qxd4 {[%clk 1:27:20]} e6
{[%clk 1:31:37]} 6. Nf3 {[%clk 1:27:19]} Nc6 {[%clk 1:31:07]} 7. Qg4
{[%clk 1:27:38]} Qc7 {[%clk 1:26:54]} 8. Qg3 {[%clk 1:22:19]} Ncb4
{[%clk 1:17:11]} 9. cxb4 {[%clk 1:15:47]} Qxc1+ {[%clk 1:16:50]} 10. Ke2
{[%clk 1:13:55]} Nf4+ {[%clk 1:16:45]} 0-1